Gaming Quiz

Random Gaming or Toys Quiz

Without Sporcle: Gaming Quiz Stats

 Plays Quiz Updated Aug 19, 2019

Score 0/45 Timer 08:00
11 Plays Today
Hint Answer % Correct
Board GamesBattleship
91.1%
Video GamesMortal Kombat
90.6%
Mario Universe CharactersDonkey Kong
90.6%
Board GamesTrivial Pursuit
89.1%
Video GamesCall of Duty
88.8%
PokémonPikachu
88.2%
Mario Universe CharactersYoshi
86.3%
Poker HandsThree of a Kind
86.3%
Poker HandsFull House
85.8%
Poker HandsStraight
85.4%
Monopoly Spaces (American)Go to Jail
85%
Classic ToysRubik's Cube
84.5%
Poker HandsFlush
84.3%
Risk TerritoriesGreat Britain
83.2%
Risk TerritoriesSouth Africa
82.5%
Video GamesSpace Invaders
82.4%
Poker HandsTwo Pair
81.5%
Risk TerritoriesWestern Australia
81.5%
Classic ToysBarbie
79.6%
Classic ToysMr. Potato Head
78.7%
Monopoly Spaces (American)Boardwalk
78.4%
Classic ToysSlinky
78.2%
Mario Universe CharactersBowser
77.7%
Hint Answer % Correct
Video GamesStreet Fighter
76.4%
Risk TerritoriesGreenland
75.8%
Monopoly Spaces (American)Marvin Gardens
72.3%
Mario Universe CharactersToadette
71.7%
Clue(do) ComponentsColonel Mustard
68.8%
PokémonCharmander
68.3%
PokémonVulpix
65.9%
Risk TerritoriesCentral America
63.2%
Mario Universe CharactersKoopa Troopa
62.5%
Classic ToysEtch A Sketch
60.4%
Video GamesResident Evil
60.2%
Clue(do) ComponentsMiss Scarlett
58.8%
Monopoly Spaces (American)Free Parking
57.7%
Monopoly Spaces (American)Tennessee Avenue
56.2%
Clue(do) ComponentsBallroom
54.9%
Board GamesMouse Trap
54.8%
Board GamesStratego
54%
PokémonSquirtle
54%
Clue(do) ComponentsCandlestick
53.4%
Board GamesConnect Four
52.7%
Clue(do) ComponentsConservatory
52.2%
PokémonArticuno
39.4%

You're not logged in!

Compare scores with friends on all Sporcle quizzes.
OR
Log In

Sporcle TV

Today on Sporcle TV


Watch our educational content, quiz creation guides, and fun videos on Sporcle TV.

Show Comments

Extras

Top Quizzes Today


Score Distribution

Your Account Isn't Verified!

In order to create a playlist on Sporcle, you need to verify the email address you used during registration. Go to your Sporcle Settings to finish the process.

Report this User

Report this user for behavior that violates our Community Guidelines.

Details: